Súčasti účtovného informačného systému a ich vzájomné väzby bakalárska práca

Enregistré dans:
Détails bibliographiques
Auteur principal: Michalcová, Veronika
Collectivité auteur: Fakulta hospodárskej informatiky EU. Katedra účtovníctva a audítorstva
Autres auteurs: Turská, Eva
Format: Livre
Langue:slovaque
Publié: Bratislava 2010
Tags: Ajouter un tag
Pas de tags, Soyez le premier à ajouter un tag!

MARC

LEADER 00000nam$a2200000$$$4500
001 0137142
005 20240320072827.3
041 0 |a slo 
044 |a SK 
245 1 0 |a Súčasti účtovného informačného systému a ich vzájomné väzby  |b bakalárska práca  |c Veronika Michalcová ; školiteľ: Eva Turská 
264 1 |a Bratislava  |c 2010 
300 |a 41 s. 
100 1 |a Michalcová, Veronika 
700 1 |a Turská, Eva 
710 2 |a Fakulta hospodárskej informatiky EU. Katedra účtovníctva a audítorstva